书目信息 |
| 题名: |
可见的与不可见的
|
|
| 作者: | 梅洛-庞蒂 著 ;罗国祥 译 | |
| 分册: | ||
| 出版信息: | 北京 商务印书馆 2008 |
|
| 页数: | 390页 | |
| 开本: | 21cm | |
| 丛书名: | 当代法国思想文化译丛 | |
| 单 册: | ||
| 中图分类: | B01 | |
| 科图分类: | ||
| 主题词: | 哲学--研究--法国--现代 , 哲学 , 哲学基本问题 | |
| 电子资源: | ||
| ISBN: | 978-7-100-05484-3 | |
| 000 | 01154oam2 2200337 450 | |
| 001 | 1236926093 | |
| 005 | 20121003101653.64 | |
| 010 | @a978-7-100-05484-3@dCNY26.00 | |
| 100 | @a20080616d2008 em y0chiy50 ea | |
| 101 | 1 | @achi@cfre |
| 102 | @aCN@b110000 | |
| 105 | @ay z 000yy | |
| 106 | @ar | |
| 200 | 1 | @a可见的与不可见的@Ake jian de yu bu ke jian de@f(法)莫里斯·梅洛-庞蒂(Maurice Merleau-Ponty)著@g罗国祥译 |
| 210 | @a北京@c商务印书馆@d2008 | |
| 215 | @a390页@d21cm | |
| 225 | 2 | @a当代法国思想文化译丛 |
| 300 | @a本书出版得到法国外交部的资助 | |
| 305 | @a据法国伽利玛出版社1990年版译出 | |
| 312 | @a法文原名:Le visible et l'invisible | |
| 330 | @a本书内容包括:哲学研究、反思与探究、探究与辩证法、探究与直觉、交错与交织等。 | |
| 461 | 0 | @1001012001082950 |
| 510 | 1 | @aVisible et l'invisible@zfre |
| 606 | 0 | @a哲学@x研究@y法国@z现代 |
| 606 | 0 | @a哲学 |
| 606 | 0 | @a哲学基本问题 |
| 690 | @aB01@v4 | |
| 701 | 0 | @c(法)@a梅洛-庞蒂@c(Mreleau-Ponty, Maurice@f1908~1961)@4著@Amei luo - pang di |
| 702 | 0 | @a罗国祥@4译@Aluo guo xiang |
| 801 | 0 | @aCN@b021001@c20080523 |
| 905 | @a10447@dB01@eJY134 | |
| 可见的与不可见的/(法)莫里斯·梅洛-庞蒂(Maurice Merleau-Ponty)著/罗国祥译 .-北京:商务印书馆,2008 |
| 390页;21cm .-(当代法国思想文化译丛 ) |
| 本书出版得到法国外交部的资助 |
| ISBN 978-7-100-05484-3:CNY26.00 |
| 本书内容包括:哲学研究、反思与探究、探究与辩证法、探究与直觉、交错与交织等。 |
| ● |
| 相关链接 |
|
|
|
|
正题名:可见的与不可见的
索取号:B01/JY134
 
预约/预借
| 序号 | 登录号 | 条形码 | 馆藏地/架位号 | 状态 | 备注 |
| 1 | 7809756 | 278097569 | 学院路分馆/ [索取号:B01/JY134] | 在馆 | |
| 2 | 7809757 | 278097578 | 学院路分馆/ [索取号:B01/JY134] | 在馆 |